| 000 | 00393nam a2200133Ia 4500 | ||
|---|---|---|---|
| 005 | 20210429153910.0 | ||
| 008 | 210429s9999 xx 000 0 und d | ||
| 082 | _a620.110 Z19D | ||
| 100 | _aHassan Bin Zahid, Abiha Abbas, Maheen Burney. | ||
| 245 | _aDevelopment of Photo Responsive Self Cleaning Surfaces with CD (UG-TH-335) | ||
| 260 |
_aSCME _c2016 |
||
| 300 | _a41p. | ||
| 942 |
_2ddc _cTH |
||
| 999 |
_c561077 _d561077 |
||